000 01795nam a2200277 a 4500
003 DO-SdBNP
005 20210819135518.0
008 081030s2007 dr 001 0 spa d
020 _a9789945859119
040 _aDO-SdBNP
_bspa
_cBPMSU
082 _a923.27293
_bD812P, 2007
_222
100 1 _aPérez, Carlos Federico,
_d1912-1984
245 1 3 _aEl pensamiento y la acción en la vida de Juan Pablo Duarte /
_cCarlos Federico Pérez y Pérez.
250 _a2a ed.
260 _aSanto Domingo :
_bBanreservas,
_c2007.
300 _a278 p. ;
_c23 cm.
490 0 _aBibliófilos ;
_v1
500 _aIncluye bibliografía adicional por orden cronológico e índice onomástico
505 0 _aPresentación -- Exordio -- Duarte, praxis e ideología en la obra de Carlos Federico Pérez y Pérez -- Palabras previas -- El legado tradicional en Santo Domingo y las ideas nuevas en el lapso de 1785 a 1809 -- El período de la España Boba: 1809-1821 -- Acerca de la entrada y actuación de Duarte en la historia -- Los cimientos ideológicos -- Al pensamiento siguió la acción -- Surge el núcleo de la revolución: La Trinitaria -- La etapa del dinamismo revolucionario -- El hombre de acción -- Duarte se proyecta en ausencia -- ¡Salve al Padre de la Patria! -- La política como magisterio -- El pensamiento de Duarte según las ideas y los hechos -- Una mirada al verso -- ¡El revolucionario no había muerto! -- A modo de balance final -- Cronología de la vida de Juan Pablo Duarte 1813-1876 -- Bibliografía adicional por orden cronológico --Anexo -- Índice onomástico.
590 _6Invetariado, 2021/VM
600 1 0 _aDuarte, Juan Pablo,
_d1813-1876
651 4 _aRepública Dominicana
_xHistoria
_y844-1930
830 0 _aBibliófilos
_v1
910 _aVMateo V.
942 _2ddc
_cBK
999 _c13670
_d13670